[Event "GER-chB Seniors 27th"]
[Site "Magdeburg"]
[Date "2015.08.19"]
[Round "5"]
[White "Rama, Avdi"]
[Black "Niedenthal, Robert"]
[Result "0-1"]
[WhiteElo "1747"]
[BlackElo "1811"]
[PlyCount "84"]
[EventDate "2015.08.15"]
[EventType "swiss"]
[EventRounds "9"]
[EventCountry "GER"]
[SourceTitle "EXT 2018"]
[Source "ChessBase"]
[SourceDate "2017.10.13"]
[SourceVersion "1"]
[SourceVersionDate "2017.10.13"]
[SourceQuality "1"]

1. e4 d5 2. exd5 Nf6 3. Bc4 c6 4. dxc6 Nxc6 5. Ne2 e6 6. a3 Bc5 7. c3 a6 8. d4 Be7 9. Bd3 0-0 10. Qc2 b5 11. 0-0 Bb7 12. h3 Rc8 13. Qd1 Qc7 14. Bf4 Bd6 15. Bxd6 Qxd6 16. Ng3 Ne7 17. Re1 Qb8 18. Nd2 Qa8 19. f3 Qb8 20. Nge4 Nd7 21. Qc2 g6 22. Nf1 Nf5 23. Qf2 Kg7 24. g4 Ne7 25. Rad1 Nd5 26. Qh4 Qf4 27. Kg2 N5f6 28. Qg3 Qxg3+ 29. Nfxg3 Rc7 30. h4 Nd5 31. Kf2 f5 32. Ng5 Nf4 33. gxf5 Bd5 34. fxe6 Nf6 35. e7 Re8 36. Ne2 Nxd3+ 37. Rxd3 Rcxe7 38. Rdd1 h6 39. Nh3 Rf7 40. Nef4 Ref8 41. Nxd5 Nxd5 42. Rd3 Nf6 0-1

[Event "GER-chB Seniors 27th"]
[Site "Magdeburg"]
[Date "2015.08.17"]
[Round "3"]
[White "Rama, Avdi"]
[Black "Hartlaub, Marianne"]
[Result "1-0"]
[WhiteElo "1747"]
[BlackElo "1562"]
[PlyCount "56"]
[EventDate "2015.08.15"]
[EventType "swiss"]
[EventRounds "9"]
[EventCountry "GER"]
[SourceTitle "EXT 2018"]
[Source "ChessBase"]
[SourceDate "2017.10.13"]
[SourceVersion "1"]
[SourceVersionDate "2017.10.13"]
[SourceQuality "1"]

1. e4 d6 2. Bc4 Nf6 3. Nc3 c6 4. Nf3 Bg4 5. h3 Bxf3 6. Qxf3 e5 7. d3 b5 8. Bb3 Be7 9. a3 0-0 10. Bd2 Nbd7 11. Be3 a5 12. Ne2 h6 13. g4 Nh7 14. Qg2 Bg5 15. Qg3 Bxe3 16. fxe3 Nc5 17. Ba2 b4 18. axb4 axb4 19. 0-0 Ra7 20. Bc4 Rxa1 21. Rxa1 Qb6 22. Kg2 b3 23. c3 Ng5 24. h4 Nge6 25. Qf3 Qd8 26. d4 exd4 27. exd4 Qxh4 28. Rh1 Qg5 1-0

[Event "Gelsenkirchen Silvester op 1st"]
[Site "Gelsenkirchen"]
[Date "2013.12.29"]
[Round "4"]
[White "Reinholz, Benjamin"]
[Black "Rama, Avdi"]
[Result "1-0"]
[WhiteElo "2011"]
[BlackElo "1743"]
[PlyCount "120"]
[EventDate "2013.12.27"]
[EventType "swiss"]
[EventRounds "5"]
[EventCountry "GER"]
[SourceTitle "EXT 2019"]
[Source "ChessBase"]
[SourceDate "2018.10.10"]
[SourceVersion "1"]
[SourceVersionDate "2018.10.10"]
[SourceQuality "1"]

1. e4 e5 2. Nf3 Nc6 3. Bc4 h6 4. d4 exd4 5. Nxd4 Ne5 6. Bb3 Bc5 7. f4 Ng6 8. Nc3 c6 9. Qd3 d6 10. Be3 Bb6 11. 0-0-0 N8e7 12. h3 Bc7 13. g4 b5 14. Nf5 Nxf5 15. exf5 Ne7 16. f6 gxf6 17. Ne4 Ng6 18. g5 hxg5 19. fxg5 Ne5 20. Qc3 Rh4 21. Nxf6+ Kf8 22. Bd4 b4 23. Qg3 Ng6 24. Bc5 Kg7 25. Bxd6 Bxd6 26. Rxd6 Qf8 27. Ng4 Bxg4 28. Rxg6+ fxg6 29. Qxh4 Qf4+ 30. Kb1 Rh8 31. Qe1 Qxg5 32. hxg4 Rxh1 33. Qxh1 Qxg4 34. a3 bxa3 35. bxa3 Qc8 36. Qe4 Qc7 37. Ka2 Kh6 38. Qh4+ Kg7 39. Bc4 Qe5 40. Qg4 Qc5 41. Bd3 Qd5+ 42. Qc4 g5 43. Qxd5 cxd5 44. Kb3 Kf6 45. Be2 Ke5 46. Bf3 d4 47. Kc4 Kf4 48. Bd5 Ke5 49. a4 g4 50. a5 a6 51. Bb7 g3 52. Kd3 Kd6 53. Kxd4 Kc7 54. Bg2 Kd6 55. c4 Kc7 56. Kc5 Kb8 57. Kb6 Kc8 58. Kxa6 Kc7 59. Kb5 Kb8 60. Kb6 Kc8 1-0

[Event "Gelsenkirchen Silvester op 1st"]
[Site "Gelsenkirchen"]
[Date "2013.12.27"]
[Round "2"]
[White "Rama, Avdi"]
[Black "Volkau, Dzmitry"]
[Result "1-0"]
[WhiteElo "1743"]
[BlackElo "1498"]
[PlyCount "73"]
[EventDate "2013.12.27"]
[EventType "swiss"]
[EventRounds "5"]
[EventCountry "GER"]
[SourceTitle "EXT 2019"]
[Source "ChessBase"]
[SourceDate "2018.10.10"]
[SourceVersion "1"]
[SourceVersionDate "2018.10.10"]
[SourceQuality "1"]

1. e4 e5 2. Bc4 d6 3. Nc3 Nf6 4. h3 Nc6 5. Nf3 Be7 6. a3 h6 7. d3 0-0 8. Be3 Be6 9. Nd5 Kh8 10. Qd2 Ng8 11. g4 Qc8 12. 0-0-0 h5 13. Kb1 Nd4 14. Nxd4 exd4 15. Bxd4 Bxd5 16. Bxd5 Bf6 17. Be3 c6 18. Bb3 Bh4 19. Bg5 Bxf2 20. Qxf2 d5 21. exd5 f6 22. Bd2 c5 23. Qh4 Qe8 24. gxh5 Nh6 25. Bxh6 gxh6 26. Rde1 Qd8 27. Re6 b5 28. Rf1 c4 29. dxc4 b4 30. a4 Rb8 31. Rfxf6 Rxf6 32. Rxf6 Kg7 33. Rg6+ Kh7 34. Qf4 Qf8 35. Qc7+ Kh8 36. Rxh6+ Qxh6 37. Qxb8+ 1-0

[Event "Goch op 22nd"]
[Site "Goch"]
[Date "2011.10.02"]
[Round "7"]
[White "Krebbers, Wilfried"]
[Black "Rama, Avdi"]
[Result "1-0"]
[WhiteElo "2117"]
[BlackElo "1757"]
[PlyCount "67"]
[EventDate "2011.09.29"]
[EventType "swiss"]
[EventRounds "7"]
[EventCountry "GER"]
[SourceTitle "EXT 2014"]
[Source "ChessBase"]
[SourceDate "2013.11.20"]
[SourceVersion "1"]
[SourceVersionDate "2013.11.20"]
[SourceQuality "1"]

1. b4 e5 2. Bb2 Bxb4 3. Bxe5 Nf6 4. e3 Nc6 5. Bb2 d5 6. Nf3 a6 7. a4 0-0 8. Be2 h6 9. 0-0 Be6 10. d3 Be7 11. Nbd2 b6 12. Qc1 Bd6 13. c4 Nb4 14. d4 c6 15. Qc3 Rc8 16. c5 bxc5 17. dxc5 Bxh2+ 18. Nxh2 a5 19. Ng4 Bxg4 20. Bxg4 d4 21. exd4 Nxg4 22. d5 Nf6 23. d6 Re8 24. Rfe1 Qd7 25. Nc4 Qg4 26. Ne5 Rxe5 27. Rxe5 Nfd5 28. Qh3 Qxh3 29. gxh3 Nd3 30. d7 Rf8 31. Re8 f6 32. d8Q Rxe8 33. Qxe8+ Kh7 34. Qe4+ 1-0

[Event "Goch op 22nd"]
[Site "Goch"]
[Date "2011.09.30"]
[Round "3"]
[White "Rama, Avdi"]
[Black "Schlepuetz, Volker"]
[Result "0-1"]
[WhiteElo "1757"]
[BlackElo "1385"]
[PlyCount "120"]
[EventDate "2011.09.29"]
[EventType "swiss"]
[EventRounds "7"]
[EventCountry "GER"]
[SourceTitle "EXT 2014"]
[Source "ChessBase"]
[SourceDate "2013.11.20"]
[SourceVersion "1"]
[SourceVersionDate "2013.11.20"]
[SourceQuality "1"]

1. d4 Nf6 2. Nc3 e6 3. a3 c5 4. Nf3 Nc6 5. e3 cxd4 6. exd4 d5 7. Bb5 a6 8. Bxc6+ bxc6 9. h3 c5 10. Bg5 Be7 11. 0-0 Nd7 12. Bxe7 Qxe7 13. dxc5 Qxc5 14. Qd3 0-0 15. Ng5 Nf6 16. Rfe1 h6 17. Nf3 Rd8 18. Ne5 Bb7 19. Na4 Qa7 20. b4 Ne4 21. Re2 Rac8 22. c3 a5 23. Qf3 Rc7 24. b5 Qa8 25. Rd1 Ng5 26. Qd3 Rd6 27. h4 Nh7 28. Qg3 Qd8 29. Rd4 Nf6 30. Qd3 Nd7 31. Nf3 Qf6 32. c4 e5 33. Rxd5 Bxd5 34. cxd5 Rc1+ 35. Ne1 Qxh4 36. Qd2 Rxe1+ 37. Rxe1 Qxa4 38. Qd3 Nf6 39. Rxe5 Rd8 40. d6 Qf4 41. Rc5 Qxd6 42. Qxd6 Rxd6 43. Rc6 Rxc6 44. bxc6 Nd5 45. Kf1 Kf8 46. Ke2 Ke7 47. Kd3 Kd6 48. Kc4 Kxc6 49. Kd4 Kd6 50. g4 Ne7 51. Kc4 f5 52. gxf5 Nxf5 53. Kb5 h5 54. Kxa5 h4 55. a4 h3 56. Kb6 h2 57. a5 h1Q 58. a6 Qc6+ 59. Ka7 Nd4 60. f4 Nb5+ 0-1

[Event "Goch op 21st"]
[Site "Goch"]
[Date "2010.10.01"]
[Round "3"]
[White "Stergar, Lothar"]
[Black "Rama, Avdi"]
[Result "1-0"]
[WhiteElo "1924"]
[BlackElo "1742"]
[PlyCount "79"]
[EventDate "2010.09.30"]
[EventType "swiss"]
[EventRounds "7"]
[EventCountry "GER"]
[SourceTitle "EXT 2012"]
[Source "ChessBase"]
[SourceDate "2011.11.24"]
[SourceVersion "1"]
[SourceVersionDate "2011.11.24"]
[SourceQuality "1"]

1. e4 e5 2. Nf3 Nc6 3. Bb5 d6 4. d4 Bd7 5. Nc3 Nxd4 6. Bxd7+ Qxd7 7. Nxd4 exd4 8. Qxd4 b6 9. Be3 Nf6 10. h3 Be7 11. 0-0-0 0-0 12. g4 c5 13. Qd3 Qe6 14. Kb1 Rfc8 15. f4 Rd8 16. g5 Ne8 17. Nd5 Bf8 18. c3 b5 19. f5 Qd7 20. h4 Qb7 21. h5 a5 22. g6 h6 23. gxf7+ Qxf7 24. Rdg1 b4 25. Bxh6 Nf6 26. Nxf6+ Qxf6 27. Bg5 Qe5 28. Bxd8 Rxd8 29. h6 d5 30. hxg7 Bxg7 31. Rg6 bxc3 32. bxc3 Rb8+ 33. Kc2 Kf7 34. Qxd5+ Qxd5 35. exd5 Be5 36. Rh7+ Kf8 37. d6 Rd8 38. d7 a4 39. f6 Bd6 40. Rgg7 1-0